000 00393nmm a2200145Ia 4500
008 251105s9999||||xx |||||||||||||||||und||
041 _aspa
100 _aMiralles, Francesc
245 0 _aWabi sabi
264 _a[Madrid, España] :
_bEdiciones B,
_c2016
300 _a224 páginas
650 _aSpanish narrative
856 _uhttps://public.digitaliapublishing.com/a/53773
942 _cCF
999 _c106142
_d106142